Lignes de métro parisiens - Statistiques

Statistiques générales
  • Ce quiz a été pris 371 fois
  • Le résultat moyen est 8 sur 10
Statistiques - réponses
Hint Réponse % Correct
Quelle ligne est la plus fréquenté ? 13
93%
Quelle ligne passe par le plus de monument ? 1
90%
Citez une ligne automatique 1 l 4 l 14
82%
Quelle ligne est la moins fréquenté ? 10
80%
Quelle ligne a le plus de correspondance ? 4
80%
Quelle ligne est la plus récente ? 14
80%
Quelle ligne est la plus polluée ? 5
77%
Quelle ligne est la plus longue ? 13
75%
De quelle couleur est la ligne 11 ? Marron
72%
Quelle ligne est la plus courte ? 3bis
59%
Aucun quiz correspondant
Distribution des résultats
% des personnes avec chaque résultat
Percentile par nombre de réponses
Votre historique - résultats
Vous n’avez pas pris ce quiz